000 00509nam a2200205Ia 4500
008 160803s9999 xx 000 0 und d
020 _a0 516235931
100 _aOtten, Jack
245 _aWatch me plant a garden /
245 _cby Jack Otten.
260 _aNew York :
260 _bScholastic Inc.
260 _c2002
300 _a24 pages :
300 _bcolor illustrations ;
300 _c16 x 19 cm.
650 _aFlower gardening --
650 _xJuvenile literature.
700 _a190
999 _c299005
_d299005